Central Library OPAC University of Rajshahi

The acquisition of territory in international law / (Record no. 5476)

MARC details
000 -LEADER
fixed length control field 00731nam a2200229 a 4500
001 - CONTROL NUMBER
control field 5476
003 - CONTROL NUMBER IDENTIFIER
rucl marc code BD-RjUL
005 - DATE AND TIME OF LATEST TRANSACTION
control field 20211208234055.0
008 - FIXED-LENGTH DATA ELEMENTS--GENERAL INFORMATION
fixed length control field 131226s1963 uk 000 0 eng d
035 ## - SYSTEM CONTROL NUMBER
System control number (BD-RjUL)5512
040 ## - CATALOGING SOURCE
Original cataloging agency QUT
Language of cataloging eng
Transcribing agency QUT
Modifying agency NU
-- BD-RjUL
041 ## - LANGUAGE CODE
Language code of text/sound track or separate title eng
082 04 - DEWEY DECIMAL CLASSIFICATION NUMBER
Classification number 341
Author mark and year JEA 1963
100 1# - MAIN ENTRY--PERSONAL NAME
Personal name Jennings, R. Y.
Fuller form of name (Robert Yewdall),
Dates associated with a name 1913-
9 (RLIN) 17179
245 14 - TITLE STATEMENT
Title The acquisition of territory in international law /
Statement of responsibility, etc. by Robert Yewdall Jennings.
260 ## - PUBLICATION, DISTRIBUTION, ETC. (IMPRINT)
Place of publication, distribution, etc. Manchester, Eng. :
Name of publisher, distributor, etc. Manchester University Press,
Date of publication, distribution, etc. 1963.
300 ## - PHYSICAL DESCRIPTION
Pagination vii,130 p. ;
Size 22 cm.
504 ## - BIBLIOGRAPHY, ETC. NOTE
Bibliography, etc includes index.
650 #0 - SUBJECT ADDED ENTRY--TOPICAL TERM
Topical term or geographic name as entry element Acquisition of territory.
9 (RLIN) 13429
Topical term or geographic name as entry element Palmas Island
General subdivision International status.
9 (RLIN) 17180
942 ## - ADDED ENTRY ELEMENTS (KOHA)
Source of classification or shelving scheme Dewey Decimal Classification
Koha item type Books
Holdings
Lost status Source of classification or shelving scheme Damaged status Not for loan Collection code Permanent Location Current Location Shelving location Date acquired Source of acquisition Cost, normal purchase price Total Checkouts Full call number Date last seen Copy number Koha item type
  Dewey Decimal Classification   Not For Loan Non-fiction Central Library, University of Rajshahi Central Library, University of Rajshahi   05/01/1968 Zeithlinger. 211.00   341 JEA 1963 26/12/2013 C-1 Books